Banking secrecy and offshore financial centers money laundering and offshore banking /

Bibliographic Details
Main Author: Young, Mary Alice.
Corporate Author: ProQuest (Firm)
Format: Electronic eBook
Language:English
Published: Abingdon, Oxon ; New York : Routledge, 2013.
Series:Routledge research in finance and banking law
Subjects:
Online Access:Click to View
LEADER 01728nam a2200445 a 4500
001 EBC1125183
003 MiAaPQ
005 20200520144314.0
006 m o d |
007 cr cn|||||||||
008 120618s2013 enk sb 001 0 eng d
010 |z  2012024983 
020 |z 9780415526326 (hbk. : alk. paper) 
020 |a 9780203076033 (electronic bk.) 
035 |a (MiAaPQ)EBC1125183 
035 |a (Au-PeEL)EBL1125183 
035 |a (CaPaEBR)ebr10659484 
035 |a (CaONFJC)MIL445363 
035 |a (OCoLC)828298834 
040 |a MiAaPQ  |c MiAaPQ  |d MiAaPQ 
043 |a nwcj--- 
050 4 |a K5223  |b .Y68 2013 
082 0 4 |a 346/.082  |2 23 
100 1 |a Young, Mary Alice. 
245 1 0 |a Banking secrecy and offshore financial centers  |h [electronic resource] :  |b money laundering and offshore banking /  |c Mary Alice Young. 
260 |a Abingdon, Oxon ;  |a New York :  |b Routledge,  |c 2013. 
300 |a xx, 190 p. 
440 0 |a Routledge research in finance and banking law 
504 |a Includes bibliographical references (p. [167]-179) and index. 
533 |a Electronic reproduction. Ann Arbor, MI : ProQuest, 2015. Available via World Wide Web. Access may be limited to ProQuest affiliated libraries. 
650 0 |a Banks and banking, International  |x Corrupt practices. 
650 0 |a Money laundering. 
650 0 |a Banks and banking, Foreign. 
650 0 |a Banks and banking, International  |x Law and legislation. 
650 0 |a Finance  |x Corrupt practices. 
650 0 |a Criminal investigation. 
650 0 |a Banking law  |z Cayman Islands. 
655 4 |a Electronic books. 
710 2 |a ProQuest (Firm) 
856 4 0 |u https://ebookcentral.proquest.com/lib/matrademy/detail.action?docID=1125183  |z Click to View